LIBRARY & INFORMATION CENTRE, KCAET, TAVANUR

ONLINE PUBLIC ACCESS CATALOGUE (OPAC)

Healthy child / (Record no. 10648)

MARC details
000 -LEADER
fixed length control field 00422cam a2200169ua 4500
041 ## - LANGUAGE CODE
Language code of text/sound track or separate title eng
082 ## - DEWEY DECIMAL CLASSIFICATION NUMBER
Classification number 613.0432
Item number STU/HE
100 ## - MAIN ENTRY--AUTHOR NAME
Personal name Stuart, Harold C .
245 00 - TITLE STATEMENT
Title Healthy child /
250 ## - EDITION STATEMENT
Edition statement 1 /
260 ## - PUBLICATION, DISTRIBUTION, ETC. (IMPRINT)
Place of publication London :
Name of publisher Harward University Press ,
Year of publication 1960.
300 ## - PHYSICAL DESCRIPTION
Number of Pages 507 ; .
700 1# - ADDED ENTRY--PERSONAL NAME
Personal name Prugh, Dane G .
942 ## - ADDED ENTRY ELEMENTS (KOHA)
Koha item type Books
Holdings
Withdrawn status Lost status Damaged status Home library Current library Date acquired Full call number Accession Number Koha item type
      KAUAET KAUAET 07/04/2012 613.0432 3561 Books
free website counter